000
00291nam a22001337a 4500
008
180927b xxu||||| |||| 00| 0 eng d
020
_a
0915473771
041
_a
eng
080
_a
618
100
_a
10
101
_a
GJIN
245
_a
Ethics in Obstetrics and Gynecology
942
_2
udc
_c
BK
999
_c
48545
_d
48545